| 000 | 00803cam a22001935a 4500 | ||
|---|---|---|---|
| 001 | L138254 | ||
| 008 | 070524s2006 xxko f 000 0 eng d | ||
| 035 | _a(Sirsi) u138254 | ||
| 041 | 0 | _aeng | |
| 050 | 0 | 4 | _a526.9 $2 18 |
| 110 | 2 |
_aRoyal Institution of Chartered Surveyors _bGeomatics Faculty _94352 |
|
| 245 | 0 | 0 | _aInsight into the geomatics profession |
| 260 |
_aLondon _bRICS _c2006 |
||
| 300 |
_a8p. _c30cm. |
||
| 520 | _aDetails the work of the RICS Geomatics Faculty and the opportunities that can arise in geomatics. Describes the various levels of qualifications and the research publications available to members in this area. Concludes by profiling three members from differing fields. | ||
| 651 | 4 | _aInternational | |
| 690 | _aENVIRONMENTAL AND LAND CONSULTANCY-GEOMATICS | ||
| 942 | _n0 | ||
| 999 |
_c107085 _d107085 |
||